Loading...
Introduction to polymer dynamics /
| Main Author: | |
|---|---|
| Format: | Printed Book |
| Language: | English |
| Published: |
Cambridge ; New York :
Cambridge University Press,
1990.
|
| Subjects: | |
| Online Access: | http://www.loc.gov/catdir/description/cam024/89037312.html http://www.loc.gov/catdir/toc/cam027/89037312.html |
| LEADER | 00794pam a2200205 a 4500 | ||
|---|---|---|---|
| 005 | 20160323130414.0 | ||
| 008 | 890724s1990 enka b 001 0 eng | ||
| 082 | 0 | 0 | |a 547.7 |b GEN |
| 100 | 1 | |a Gennes, Pierre-Gilles de. |9 6360 | |
| 245 | 1 | 0 | |a Introduction to polymer dynamics / |c Pierre Gilles de Gennes. |
| 300 | |a viii, 57 p. : |b ill. ; |c 23 cm. | ||
| 653 | |a Polymers | ||
| 856 | 4 | 2 | |u http://www.loc.gov/catdir/description/cam024/89037312.html |
| 856 | 4 | 1 | |u http://www.loc.gov/catdir/toc/cam027/89037312.html |
| 942 | |c BK |6 _ | ||
| 260 | |a Cambridge ; |a New York : |b Cambridge University Press, |c 1990. | ||
| 020 | |a 052138172X (hardback) | ||
| 020 | |a 052138849X (pbk.) | ||
| 999 | |c 157246 |d 157246 | ||
| 952 | |0 0 |1 0 |2 ddc |4 0 |6 5477_GEN |7 0 |9 205699 |a DAC |b DAC |d 2010-03-10 |o 547.7 GEN |p CHE2228 |r 2010-03-10 |w 2010-03-10 |y BK | ||